00809cam a22002291 4500001001300000003000400013005001700017008004100034010001700075035001900092040002800111042001200139050001900151100004100170245010800211250001400319260005000333300001900383500010500402600003400507600003800541sa 63003328 DLC20260227111941.0770428s1961 ii 000 0 eng  asa 63003328  a(OCoLC)2923032 aDLCcICarbSdOCoLCdDLC apremarc00aLB775.G22bM351 aMani, R S ,ceducator.10aEducational ideas and ideals of Gandhi and Tagore;ba comparative study with relevance to modern India. a[1st ed.] aNew Delhi,bNew Book Society of Indiac[1961] a208 p.c22 cm. a"Author ... was awarded the degree of Ph. D. by the University of Madras in 1958 for this ... work."10aGandhi,cMahatma,d1869-1948.10aTagore, Rabindranath,d1861-1941.